Missing Word: Top Grossing Movies (2005) Quiz Stats

 Plays Quiz Updated Jan 16, 2015

Challenge
Share
Tweet
Embed
Score 0/20 Timer 02:00
5 Plays Today
Movie Missing Word % Correct
_______ and the Chocolate FactoryCharlie
96.7%
Fantastic ____Four
96.3%
The Chronicles of Narnia: The ____, the Witch and the WardrobeLion
95%
The __-Year-Old Virgin40
94.5%
___ of the WorldsWar
93.7%
Mr. & Mrs. _____Smith
93.1%
_______ CrashersWedding
92.1%
Harry Potter and the ______ of FireGoblet
90.6%
Star Wars: Episode III - Revenge of the ____Sith
85.8%
Fun with ____ and JaneDick
84.6%
Movie Missing Word % Correct
Walk the ____Line
83.7%
The Longest ____Yard
80%
Batman ______Begins
75.2%
King ____Kong
67.5%
_________ MountainBrokeback
67.1%
_______ of a GeishaMemoirs
64.7%
_______ LittleChicken
60.6%
Wallace and Gromit: The _____ of the Were-RabbitCurse
49.6%
_______ of HeavenKingdom
36.4%
Howl's ______ CastleMoving
30.2%

Today's Daily Dose

You're not logged in!

Compare scores with friends on all Sporcle quizzes.
Join for Free
OR
Log In

You Might Also Like...

Show Comments

Extras

Top Quizzes Today


Score Distribution

Your Account Isn't Verified!

In order to create a playlist on Sporcle, you need to verify the email address you used during registration. Go to your Sporcle Settings to finish the process.

Report this User

Report this user for behavior that violates our Community Guidelines.

Details: